• 首页
  • 本馆介绍
  • 公告通知
  • 最新文献
  • 馆藏检索
  • 电子资源
  • 读者导购
  • 参考咨询
  • 我的图书馆
  • 登录
  • 详细信息显示
  • 放入我的书架
  • 预约/预借图书
  • 作者相关作品
  • 分类相关作品
  • 丛书相关作品
  • 出版社相关作品

书目信息

  • 表格格式
  • 工作单格式
  • 卡片格式
题名:
出口贸易与经济增长
    
 
作者: 胡兵 , 乔晶 著
分册:  
出版信息: 北京   科学出版社  2011
页数: 232页
开本: 24cm
丛书名: 中国区域可持续发展文库
单 册:
中图分类: F752.62
科图分类:
主题词: 出口贸易--Chu Kou Mao Yi--关系--经济增长--研究--中国
电子资源:
ISBN: 978-7-03-031597-7
000 01454nam0 22003011 450
001 349939
005 20161009104712.54
010    @a978-7-03-031597-7@dCNY45.00
100    @a20110725d2011 em y0chiy50 ea
101 0  @achi
102    @aCN@b110000
105    @ay z 000yy
106    @ar
200 1  @a出口贸易与经济增长@AChu Kou Mao Yi Yu Jing Ji Zeng Chang@e一个出口结构视角@dExport trade and economic growth@ea perspective of export structure@f胡兵,乔晶著@zeng
210    @a北京@c科学出版社@d2011
215    @a232页@d24cm
225 2  @a中国区域可持续发展文库@AZhong Guo Qu Yu Ke Chi Xu Fa Zhan Wen Ku
300    @a国家社会科学基金项目
330    @a本书尝试将中国贸易飞速发展过程中暴露出的问题及隐藏其后的国内经济运行中的深层次矛盾统一在出口结构框架下进行深入审视和解读,通过出口商品结构、方式结构、区域结构等模型的实证分析实现理论演化的内在逻辑与中国发展的鲜活案例的有机结合,并就如何实现对外贸易与国内经济的良性互动,以更好获取贸易利益实现长远发展目标等重大问题进行了较为系统的剖析和诠释。
461  0 @12001 @a中国区域可持续发展文库
510 1  @aExport trade and economic growth@ea perspective of export structure@zeng
517 1  @a一个出口结构视角@AYi Ge Chu Kou Jie Gou Shi Jiao
606 0  @a出口贸易@AChu Kou Mao Yi@x关系@x经济增长@x研究@y中国
690    @aF752.62@v5
701  0 @a胡兵@AHu Bing@c(贸易经济)@4著
701  0 @a乔晶@AQiao Jing@c(女)@4著
801  0 @aCN@bTANGWEI@20160802
905    @b0887520-4@dF752.62@e46@f5
    
    出口贸易与经济增长:一个出口结构视角=Export trade and economic growth:a perspective of export structure/胡兵,乔晶著.-北京:科学出版社,2011
    232页;24cm.-(中国区域可持续发展文库)
    国家社会科学基金项目
    
    ISBN 978-7-03-031597-7:CNY45.00
    本书尝试将中国贸易飞速发展过程中暴露出的问题及隐藏其后的国内经济运行中的深层次矛盾统一在出口结构框架下进行深入审视和解读,通过出口商品结构、方式结构、区域结构等模型的实证分析实现理论演化的内在逻辑与中国发展的鲜活案例的有机结合,并就如何实现对外贸易与国内经济的良性互动,以更好获取贸易利益实现长远发展目标等重大问题进行了较为系统的剖析和诠释。
●
相关链接 在E读中查询图书 在五车中查询图书 在当当中查询图书 在豆瓣中查询图书


正题名:出口贸易与经济增长     索取号:F752.62/46         预约/预借

序号 登录号 条形码 馆藏地/架位号 状态 备注
1 0887520   208875207   第一样本阅览室/ [索取号:F752.62/46] 在馆    
2 0887521   208875216   第一借阅区/ [索取号:F752.62/46] 在馆    
3 0887522   208875225   第一借阅区/ [索取号:F752.62/46] 在馆    
4 0887523   208875234   第一借阅区/ [索取号:F752.62/46] 在馆    
5 0887524   208875243   密集书库-海洋学院/ [索取号:F752.62/46] 在馆    
唐山师范学院图书馆 欢迎您!
大连网信软件有限公司© 版权所有